Invertebrates

Kaydedildi:
Detaylı Bibliyografya
Yazar: Brusca, Richard C
Diğer Yazarlar: Brusca, Gary J
Materyal Türü: Kitap
Dil:İngilizce
Baskı/Yayın Bilgisi: Cary Sinauer 1990
Konular:
Etiketler: Etiketle
Etiket eklenmemiş, İlk siz ekleyin!

MARC

LEADER 00000nam a2200000 a 4500
001 UCO6580
003 CL-VaPUC
005 20240805111844.0
008 001027e19900000us |||||||||||||||||eng|d
999 |c 292065  |d 292063 
040 |c Pontificia Universidad Católica de Valparaíso 
082 0 4 |a 592 BRU 1990  |2 21 
100 0 |a Brusca, Richard C  |9 451332 
245 1 0 |a Invertebrates 
260 |a Cary  |b Sinauer  |c 1990 
300 |a 922 páginas 
583 |a last modification  |c 20171218 02:04:20  |k Rodrigo Vera 
650 0 |a Artrópodos  |9 269503 
650 0 |a Zoología  |9 261613 
650 0 |a Invertebrados  |9 261302 
650 0 |a Taxonomía animal  |9 347468 
700 0 |a Brusca, Gary J  |9 451333 
942 |c BK  |2 ddc 
945 |d 20001027 00:00:00  |a vberengu 
952 |0 0  |1 0  |2 ddc  |4 0  |6 592_000000000000000_BRU_1990  |7 0  |8 A  |9 342617  |a BIBCUR  |b BIBCUR  |d 2019-11-20  |i 3664635  |o 592 BRU 1990  |p 3664635  |r 2025-04-22  |t 1  |w 2019-11-20  |y BK  |k BIO